000 00957naa a2200253 c 4500
001 47104
003 ES-MaCES
005 20160218104045.0
008 160218s2015 sp ||||| t||||||| ||spa d
040 _aES-MaCES
_bspa
_cES-MaCES
_dES-MaCES
100 1 _936477
_aÁlvarez-Vijande García, Juan
245 1 3 _aLa remuneración de los consejos de administración y los consejeros
_cJuan Álvarez-Vijande García
650 4 _928387
_asalario
650 4 _928388
_adeterminación del salario
650 4 _928390
_asistema de remuneración
650 4 _928192
_aalta dirección
650 4 _929357
_ajunta de dirección
650 4 _926763
_aadministrador
650 4 _929918
_amecanismo de control
653 1 0 _aRelaciones laborales-Empleo
773 0 _984034
_b1ª ed
_d[Córdoba] Almuzara 2015
_o086936
_tHablemos de retribución
_w(ES-MaCES)47065
_z9788416392599
_gp.293-299 . - SG-7.0.-326
902 _aARL Artículo de libro
942 _2CES
_cAR
_h2.0.
999 _c47104
_d47104